Vážska cyklodopravná trasa - úsek súteska Strečno - preverenie hladinového režimu Váhu
Gespeichert in:
| 1. Verfasser: | |
|---|---|
| Weitere Verfasser: | |
| Format: | Manuskript Buch |
| Sprache: | Slowakisch |
| Veröffentlicht: |
2021
|
| Schlagworte: | |
| Online-Zugang: | http://is.stuba.sk/zp/portal_zp.pl?podrobnosti=163585 https://opac.crzp.sk/?fn=detailBiblioForm&sid=0C216CD716E1822303200DAAC853 |
| Tags: |
Keine Tags, Fügen Sie das erste Tag hinzu!
|
MARC
| LEADER | 00000ntm a22000003a 4500 | ||
|---|---|---|---|
| 001 | stuzp83859 | ||
| 003 | SK-STU | ||
| 005 | 20230515101327.7 | ||
| 007 | ta | ||
| 008 | 150427s2015----xo-----f-mn---000-0-slo-d | ||
| 040 | |a STU |b slo | ||
| 041 | 0 | |a slo | |
| 100 | 1 | |a Mészáros, Lilla |u 010170 |4 aut |U SvF Stavebná fakulta |T SvF Katedra hydrotechniky |X 87803 |U V170 |Y 17 |7 87803 | |
| 242 | 0 | 1 | |a Váh cycle path - section Strečno gorge - verification of the water level regime of the Váh river |y eng |
| 245 | 1 | 0 | |a Vážska cyklodopravná trasa - úsek súteska Strečno - preverenie hladinového režimu Váhu |
| 260 | |c 2021 | ||
| 650 | 4 | |a cyklotrasa |2 slo | |
| 650 | 4 | |a HEC-RAS |2 slo | |
| 650 | 4 | |a hladinový režim |2 slo | |
| 650 | 4 | |a cycle path |2 eng | |
| 650 | 4 | |a HEC-RAS |2 eng | |
| 650 | 4 | |a water level regime |2 eng | |
| 700 | 1 | |a Čubanová, Lea |u 010170 |k Z1 |4 ths |U SvF Stavebná fakulta |T SvF Katedra hydrotechniky |X 38291 |U V170 |Y 17 |7 A000038291 | |
| 856 | 4 | |u http://is.stuba.sk/zp/portal_zp.pl?podrobnosti=163585 | |
| 856 | 4 | |u https://opac.crzp.sk/?fn=detailBiblioForm&sid=0C216CD716E1822303200DAAC853 | |